Statistics for Crazy Ex-Girlfriend Quote to Character

Click here to take the quiz!

General Stats

  • This quiz has been taken 6 times
  • The average score is 11 of 15

Answer Stats

QuestionAnswer% Correct
'Love doesn't have to be a person, it can be a passion.'Dr. Akopian
100%
'And you're ignoring me so you're obviously my type.'Greg Serrano
100%
'This is a song I wrote.'Rebecca Bunch
100%
'Don't underestimate the joy of a midnight bagel.'Rebecca Bunch
80%
'Shut up and listen to my wise reprise.'Heather Davis
80%
'You know, for the last few months I thought Rebecca Bunch was our problem, but it's not. It's you.'Valencia Perez
80%
'Sorry I'm late, someone asked me to change the water cooler on the way in.'Josh Chan
80%
'The only thing grosser than a douche is an internet contest.'Heather Davis
60%
'You can't be with Cedric if you're already with Ron.'Nathaniel Plimpton III
60%
'My whole life is Mondays.'Paula Proctor
60%
'I'm making pies for people I hate, which is mixed emotions for me because I like pie.'Paula Proctor
60%
'Two things are a lot for one brain.'Father Brah
60%
'I gave him the key to my heart and now am giving him the key to my ap-HEART-ment.'Darryl Whitefeather
60%
'My friends say I'm judgy, but I never listen to them or care what they say because they're stupid idiots.'White Josh
40%
'You are selfish and dramatic and weird.'Naomi Bunch
40%

Score Distribution

Percentile by Number Answered

Percent of People with Each Score

Your Score History

You have not taken this quiz